000
00263nam a2200097Ia 4500
001
1228024
005
20250827093034.0
008
250824s9999 xx 000 0 und d
245
0
_a
SEVGİ KÖPRÜSÜ
_c
MUSTAFA AKGÜN
260
_b
PANAMA YAYINLARI
999
_c
1228024
_d
1228024